000 01144nam a22002177a 4500
003 NALT
005 20251225150855.0
008 s2551 th tha d
040 _aNALT
041 _atha
050 _aHC 445
_bอ252ค 2551
100 0 _aอภิชาติ สถิตนิรามัย
_950654
245 1 0 _aโครงการเศรษฐศาสตร์การเมืองเรื่องว่าด้วยการปฏิรูปเศรษฐกิจของไทย :
_bการศึกษาเปรียบเทียบ พ.ศ. 2497-2506 กับ พ.ศ. 2540-2550 /
_cอภิชาติ สถิตนิรามัย.
260 _aกรุงเทพฯ :
_bสำนักงานกองทุนสนับสนุนการวิจัย,
_c2551.
300 _a149 หน้า :
_bตาราง ;
_c29 ซม.
650 4 _aการพัฒนาเศรษฐกิจ
_910485
_zไทย
651 4 _93477
_aไทย
_xภาวะเศรษฐกิจ
850 _aNALT
942 _cRSH
_2lcc
996 _asaiphon.d
_bCATSTF
_c2025-12-25
999 _c57841
_d57841
998 _j104
_k นางสาวสายฝน ดีงาม